[Event "Roncana op-A 13th"]
[Site "Santa Eulalia de Roncana"]
[Date "2019.11.16"]
[Round "7"]
[White "Centelles Vivas, Aleix"]
[Black "Lara Cabrera, Toni"]
[Result "1-0"]
[WhiteElo "1943"]
[BlackElo "1719"]
[PlyCount "43"]
[EventDate "2019.09.28"]
[EventType "swiss"]
[EventRounds "8"]
[EventCountry "ESP"]
[SourceTitle "CBM 193 Extra"]
[Source "ChessBase"]
[SourceDate "2020.01.31"]
[SourceVersion "1"]
[SourceVersionDate "2020.01.31"]
[SourceQuality "1"]

1. d4 Nf6 2. c4 e6 3. Nc3 Bb4 4. f3 0-0 5. e4 Nxe4 6. fxe4 Qh4+ 7. Ke2 Bxc3 8. bxc3 Qxe4+ 9. Kf2 d5 10. Nf3 dxc4 11. Bxc4 f5 12. Re1 Qc6 13. Qb3 Kh8 14. Bxe6 Bxe6 15. Rxe6 Qd7 16. Ba3 Nc6 17. Bxf8 Rxf8 18. Ne5 Nxe5 19. Rxe5 c5 20. Qd5 Qa4 21. Qxc5 Qc2+ 22. Re2 1-0

[Event "Roncana op-A 13th"]
[Site "Santa Eulalia de Roncana"]
[Date "2019.10.12"]
[Round "3"]
[White "Giro Castellet, Esteve"]
[Black "Lara Cabrera, Toni"]
[Result "1/2-1/2"]
[WhiteElo "1596"]
[BlackElo "1719"]
[PlyCount "120"]
[EventDate "2019.09.28"]
[EventType "swiss"]
[EventRounds "8"]
[EventCountry "ESP"]
[SourceTitle "CBM 193 Extra"]
[Source "ChessBase"]
[SourceDate "2020.01.31"]
[SourceVersion "1"]
[SourceVersionDate "2020.01.31"]
[SourceQuality "1"]

1. d4 Nf6 2. c4 e6 3. a3 d5 4. e3 c5 5. dxc5 Bxc5 6. b4 Bd6 7. Bb2 Nbd7 8. Nf3 0-0 9. cxd5 exd5 10. Be2 b6 11. 0-0 Bb7 12. Nc3 Ne5 13. Nxe5 Bxe5 14. Bf3 Qd7 15. Qb3 d4 16. Bxb7 Qxb7 17. exd4 Bxd4 18. Ne2 Bxb2 19. Qxb2 Rfe8 20. Rfe1 Rac8 21. Ng3 Qd5 22. Rad1 Qg5 23. Rxe8+ Rxe8 24. Qd4 h6 25. h3 Qb5 26. Qf4 a5 27. bxa5 Qxa5 28. a4 Ra8 29. Rd4 Qc5 30. Nf5 Nh7 31. Rd7 Nf6 32. Nxh6+ Kh7 33. Rxf7 Qc3 34. Qg5 Ne4 35. Qf5+ Kxh6 36. Qxe4 Qc1+ 37. Kh2 Rc8 38. Qf4+ Qxf4+ 39. Rxf4 g5 40. Rb4 Rc6 41. f3 Kg6 42. Rb5 Kh6 43. a5 bxa5 44. Rxa5 Kg6 45. Ra2 Kh6 46. g4 Kg6 47. Kg3 Kh6 48. h4 gxh4+ 49. Kxh4 Rc3 50. Rf2 Kg6 51. f4 Rc4 52. f5+ Kf6 53. Kh5 Ra4 54. g5+ Kf7 55. f6 Ra5 56. Kh6 Kf8 57. g6 Ra4 58. Rf5 Rb4 59. f7 Rg4 60. Re5 Rxg6+ 1/2-1/2

[Event "Roncana op-A 13th"]
[Site "Santa Eulalia de Roncana"]
[Date "2019.10.05"]
[Round "2"]
[White "Soler Colomer, Joan"]
[Black "Lara Cabrera, Toni"]
[Result "1-0"]
[WhiteElo "1562"]
[BlackElo "1719"]
[PlyCount "133"]
[EventDate "2019.09.28"]
[EventType "swiss"]
[EventRounds "8"]
[EventCountry "ESP"]
[SourceTitle "CBM 193 Extra"]
[Source "ChessBase"]
[SourceDate "2020.01.31"]
[SourceVersion "1"]
[SourceVersionDate "2020.01.31"]
[SourceQuality "1"]

1. Nf3 Nf6 2. d4 g6 3. c4 Bg7 4. Nc3 0-0 5. e3 d6 6. Be2 Nbd7 7. 0-0 a6 8. Qc2 b6 9. d5 Bb7 10. Rb1 e6 11. e4 Re8 12. Bg5 Qc8 13. Bxf6 Nxf6 14. Rfe1 Qd7 15. Rbd1 Rac8 16. dxe6 Qxe6 17. Bd3 Nd7 18. b4 Ne5 19. Nxe5 Qxe5 20. Nd5 Qg5 21. Re2 Bd4 22. Rde1 c6 23. Nc3 Qf6 24. Nd1 c5 25. bxc5 dxc5 26. a4 Rcd8 27. Ne3 Qg5 28. Qb3 Rd6 29. Nd5 Bxd5 30. exd5 Rxe2 31. Bxe2 Qd2 32. Qd1 Qb2 33. Rf1 Rf6 34. g3 Rf5 35. d6 Kf8 36. Bf3 Ke8 37. Qe2+ Re5 38. Qxb2 Bxb2 39. Bc6+ Kd8 40. Bb7 a5 41. Rb1 Re2 42. Bc6 Rd2 43. d7 Kc7 44. Bb5 Bd4 45. Rf1 f5 46. h4 h6 47. Kg2 g5 48. hxg5 hxg5 49. Kf3 Kd8 50. Kg2 g4 51. Kg1 Re2 52. Kg2 Rd2 53. Kg1 f4 54. gxf4 g3 55. Kg2 Bxf2 56. f5 Rd6 57. Rh1 Bd4 58. Re1 Bf6 59. Kxg3 Rd4 60. Re8+ Kc7 61. Re6 Bh4+ 62. Kh3 Bg5 63. f6 Rh4+ 64. Kg3 Rh7 65. Kg4 Bh6 66. Kf5 Bf8 67. Re8 1-0